Achieving quality performance : (Record no. 343345)
[ view plain ]
| 000 -LEADER | |
|---|---|
| fixed length control field | 00995 a2200217 4500 |
| 020 ## - INTERNATIONAL STANDARD BOOK NUMBER | |
| International Standard Book Number | 0304327581 |
| 020 ## - INTERNATIONAL STANDARD BOOK NUMBER | |
| International Standard Book Number | 9780304327584 |
| 082 04 - DEWEY DECIMAL CLASSIFICATION NUMBER | |
| Classification number | 658.5620941 |
| 090 ## - LOCALLY ASSIGNED LC-TYPE CALL NUMBER (OCLC); LOCAL CALL NUMBER (RLIN) | |
| -- | 798 |
| -- | 798 |
| 100 1# - MAIN ENTRY--PERSONAL NAME | |
| Personal name | Teare, Richard. |
| 245 10 - TITLE STATEMENT | |
| Title | Achieving quality performance : |
| Remainder of title | lessons from british industry / |
| Statement of responsibility, etc. | Richard Teare. |
| 260 ## - PUBLICATION, DISTRIBUTION, ETC. | |
| Place of publication, distribution, etc. | [S.l.] : |
| Name of publisher, distributor, etc. | Cassell, |
| Date of publication, distribution, etc. | 1993. |
| 300 ## - PHYSICAL DESCRIPTION | |
| Extent | 172 p. ; |
| Dimensions | 25 cm. |
| 500 ## - GENERAL NOTE | |
| General note | Paperback. |
| 520 ## - SUMMARY, ETC. | |
| Summary, etc. | A hands-on approach to total quality management. This text shows why, how and what action is necessary to achieve improved manufacturing and service performance. Designed for managers in industry, it focuses on the practicalities of implementing and sustaining a successful programme. |
| 700 1# - ADDED ENTRY--PERSONAL NAME | |
| Personal name | Atkinson, Cyril. |
| 700 1# - ADDED ENTRY--PERSONAL NAME | |
| Personal name | Westwood, Clive. |
| 856 40 - ELECTRONIC LOCATION AND ACCESS | |
| Materials specified | Amazon.com |
| Uniform Resource Identifier | <a href="http://www.amazon.com/exec/obidos/ASIN/0304327581/chopaconline-20">http://www.amazon.com/exec/obidos/ASIN/0304327581/chopaconline-20</a> |
| 856 40 - ELECTRONIC LOCATION AND ACCESS | |
| Materials specified | Amazon customer reviews |
| Uniform Resource Identifier | <a href="http://www.chopac.org/cgi-bin/tools/azrev.pl?q=0304327581">http://www.chopac.org/cgi-bin/tools/azrev.pl?q=0304327581</a> |
| 942 ## - ADDED ENTRY ELEMENTS (KOHA) | |
| Institution code [OBSOLETE] | NBS |
| Koha item type | Book |
| Call number prefix | 658.562 TEA |
| Withdrawn status | Lost status | Damaged status | Not for loan | Permanent Location | Current Location | Date acquired | Total Checkouts | Full call number | Barcode | Date last seen | Price effective from | Koha item type |
|---|---|---|---|---|---|---|---|---|---|---|---|---|
| Central Library (CL) | Central Library (CL) | 08/28/2013 | 658.562 TEA | NBS480 | 08/28/2013 | 08/28/2013 | Book |
